000
00340nam a2200133Ia 4500
008
131103s9999 xx 000 0 und d
040
_a
Loreto College
041
_a
English
082
_a
341/CAL
_b
LCLIB/44418
245
_a
Calcutta law times
_b
2005 Vol III, November, Part III
650
_a
Law
850
_a
LCLIB/341/CAL
942
_c
BK
999
_c
11121
_d
61600